000 01206nam1a2200301 i 4500
001 RU\NLR\bibl\1843192
005 20260405224036.0
035 _a(NLR Aleph) 001833640
090 _a2173974
_c2173974
100 _a20111205g20119999u y0rusy50 ca
101 0 _arus
102 _aRU
105 _a||||f |||||
200 1 _aЛюди - гордость России
_eэнциклопедия
_eвсероссийский проект
_e[от А до Я
_fКарс Михаил]
210 _aМосква
_cПеро
_d2011
215 _d29
300 _aВ макете загл.: Энциклопедия "Люди - гордость России"
463 0 _10011832310
517 0 _aЭнциклопедия "Люди - гордость России"
607 _aРоссийская Федерация
_jЭнциклопедии
_xИстория
_xДеятели
_92131128
_3RU\NLR\auth\661589762
686 _aТ3(2)74-8я20
702 1 _4220
_8rus
_7ca
_aКарс
_bМ.
_f1970-
_gМихаил
_3RU\NLR\auth\77102167
_985093
801 0 _aRU
_bNLR
_c20111205
_gRCR
801 1 _aRU
_bNLR
_c20111205
852 _aNLR
_bС
_j2011-5/73
942 _cBOOK
980 _aNBR